000 004510000a22001810004500
003 LK-CoMWRAF
005 20230824114834.0
008 230817t ||||| |||| 00| 0 eng d
020 _a818798130X
040 _aLK-CoMWRAF
_dLK-CoMWRAF
_eLK-CoMWRAF
041 _aeng
082 _a823
_bGIB
100 _aGibran, Kahlil
245 _aSelected Works of Kahlil Gibran
260 _bIndialog
_aNew Delhi
_c2002
650 _aEnglish Fiction
942 _cBK
999 _c786
_d786